EL JARDIN DE LAS LETRAS

Uloženo v:
Podrobná bibliografie
Hlavní autor: González Peña, Carlos (autor)
Médium: Kniha
Tagy: Přidat tag
Žádné tagy, Buďte první, kdo vytvoří štítek k tomuto záznamu!

MARC

LEADER 00000nam^a2200000^a^4500
001 000205077
005 20250521000000.0
009 20260310103105.528
035 |a 009557 
037 |a Acervo Xavier Clavigero 
082 |a 808. 4  |b GON 
100 |a González Peña, Carlos  |e (autor) 
245 1 3 |a EL JARDIN DE LAS LETRAS 
264 |a MEXICO :  |b PATRIA,  |c 1947 
336 |a texto  |b txt  |2 rdacontenido 
337 |a sin mediación  |b n  |2 rdamedio 
338 |a volumen  |b nc  |2 rdasoporte 
649 |a XX 
910 |a Fondo General 
920 |a Impresos - Libros 
930 |a Colección General 
940 |a Literatura 
905 |a 101 
901 |a 009557  |b IT1  |c LIT  |i 009557  |u 20250521 
902 |a https://opac.biblio.iteso.mx/vufind/Record/000205077